Main ne ism-e-Muhammad ko likhha bohat / (Record no. 524752)

000 -LEADER
fixed length control field 00509nam a22001817a 4500
003 - CONTROL NUMBER IDENTIFIER
control field NUST
020 ## - INTERNATIONAL STANDARD BOOK NUMBER
International Standard Book Number -
038 ## - RECORD CONTENT LICENSOR
Staff Name Zafar Malik
082 ## - DEWEY DECIMAL CLASSIFICATION NUMBER
Classification number 891.421
Author Mark KAU
100 ## - MAIN ENTRY--PERSONAL NAME
Personal name Kausar, Saleem
9 (RLIN) 15545
245 ## - TITLE STATEMENT
Title Main ne ism-e-Muhammad ko likhha bohat /
Statement of responsibility, etc. Saleem Kausar
260 ## - PUBLICATION, DISTRIBUTION, ETC.
Place of publication, distribution, etc. Karachi :
Name of publisher, distributor, etc. Ameera Publications ;
Date of publication, distribution, etc. 2015.
300 ## - PHYSICAL DESCRIPTION
Extent 136 p. ;
500 ## - GENERAL NOTE
General note Hardcover
880 ## - ALTERNATE GRAPHIC REPRESENTATION
Linkage 100-02\r
Title سلیم کوثر
880 ## - ALTERNATE GRAPHIC REPRESENTATION
Linkage 245-02\r
Title میں نے اسم محمد کو لکھا بہت
942 ## - ADDED ENTRY ELEMENTS (KOHA)
Source of classification or shelving scheme
Koha item type Book
Holdings
Withdrawn status Lost status Source of classification or shelving scheme Damaged status Not for loan Permanent Location Current Location Shelving location Date acquired Total Checkouts Full call number Barcode Date last seen Price effective from Koha item type
          Central Library (CL) Central Library (CL) Urdu Literature 06/25/2019   891.421 KAU CL-E-1670 06/25/2019 06/25/2019 Book
© 2023 Central Library, National University of Sciences and Technology. All Rights Reserved.